Insight and guide to Pakistan / (Record no. 182961)

000 -LEADER
fixed length control field 00626 a2200193 4500
003 - CONTROL NUMBER IDENTIFIER
control field NUST
005 - DATE AND TIME OF LATEST TRANSACTION
control field 20230208102128.0
010 ## - LIBRARY OF CONGRESS CONTROL NUMBER
LC control number 83005463
020 ## - INTERNATIONAL STANDARD BOOK NUMBER
International Standard Book Number 0582783402
040 ## - CATALOGING SOURCE
Transcribing agency Nust
082 00 - DEWEY DECIMAL CLASSIFICATION NUMBER
Classification number 954.91,INS
245 13 - TITLE STATEMENT
Title Insight and guide to Pakistan /
Statement of responsibility, etc. Tony Halliday : ( Editor)
260 ## - PUBLICATION, DISTRIBUTION, ETC.
Place of publication, distribution, etc. Pakistan
Name of publisher, distributor, etc. Vanguard Books
Date of publication, distribution, etc. 2001
300 ## - PHYSICAL DESCRIPTION
Extent xx, 407 p.:
Other physical details ill. (some col.) ;
Dimensions 22 cm.
505 ## - FORMATTED CONTENTS NOTE
Formatted contents note Introduction (Page-15), History (Page-18), Insight On 74 (Page-74), Information Panels (Page-35), Places (Page-215).
650 ## - SUBJECT ADDED ENTRY--TOPICAL TERM
Topical term or geographic name entry element Pakistan
651 #0 - SUBJECT ADDED ENTRY--GEOGRAPHIC NAME
Geographic name Pakistan
General subdivision Guidebooks.
9 (RLIN) 91585
942 ## - ADDED ENTRY ELEMENTS (KOHA)
Source of classification or shelving scheme
Koha item type Book
Call number prefix 954.91,INS
Holdings
Withdrawn status Lost status Source of classification or shelving scheme Damaged status Not for loan Collection code Permanent Location Current Location Date acquired Total Checkouts Full call number Barcode Date last seen Price effective from Koha item type
            Military College of Signals (MCS) Military College of Signals (MCS) 12/12/2016   954.91.INS MCS28458 12/08/2016 12/12/2016 Book
© 2023 Central Library, National University of Sciences and Technology. All Rights Reserved.